Исследование магнезиального сырья для производства магнезиальных веществ; Химия и химическая технология в XXI веке

Detalles Bibliográficos
Parent link:Химия и химическая технология в XXI веке.— 2008.— С. 31-32
Autor Principal: Корнилова Т. В.
Outros autores: Шугурова А. В. (научный руководитель), Эрдман С. В.
Idioma:ruso
Publicado: 2008
Subjects:
Formato: Capítulo de libro
KOHA link:https://koha.lib.tpu.ru/cgi-bin/koha/opac-detail.pl?biblionumber=167183

MARC

LEADER 00000naa2a2200000 4500
001 167183
005 20231031162723.0
035 |a (RuTPU)RU\TPU\book\181348 
090 |a 167183 
100 |a 20091013d2008 k y0rusy50 ca 
101 0 |a rus 
102 |a RU 
200 1 |a Исследование магнезиального сырья для производства магнезиальных веществ  |f Т. В. Корнилова, А. В. Шугурова  |g науч. рук. С. В. Эрдман 
463 0 |0 (RuTPU)RU\TPU\book\176288  |t Химия и химическая технология в XXI веке  |o IX Всероссийская научно-практическая конференция студентов и аспирантов, Томск, 14-16 мая 2008 г.  |o сборник материалов  |f Томский политехнический университет (ТПУ) ; Химия и химическая технология в XXI веке  |v С. 31-32  |d 2008  |p 338 с. 
610 1 |a строительные материалы 
610 1 |a минеральное сырьё 
610 1 |a магнезит 
610 1 |a вяжущие 
610 1 |a магнезиальные вещества 
610 1 |a Савинское месторождение 
610 1 |a труды учёных ТПУ 
700 1 |a Корнилова  |b Т. В. 
701 1 |a Шугурова  |b А. В. 
702 1 |a Эрдман  |b С. В.  |4 727 
801 1 |a RU  |b 63413507  |c 20091013 
801 2 |a RU  |b 63413507  |c 20091013  |g RCR 
942 |c BK